L'albatros - Baudelaire - Statistiques

Statistiques générales
  • Ce quiz a été pris 494 fois
  • Le résultat moyen est 75 sur 130
Statistiques - réponses
Texte % Correct
A
98%
à
98%
l'
97%
L'
97%
s'
95%
d'
92%
de
89%
Le
88%
le
88%
albatros
86%
ailé
83%
des
82%
ailes
75%
les
75%
la
73%
se
73%
il
72%
est
70%
pour
69%
et
68%
qu'
67%
oiseaux
65%
mers
64%
hommes
63%
au
62%
Ses
61%
amuser
60%
équipage
60%
Souvent
60%
un
59%
Qui
58%
qui
58%
géant
57%
marcher
57%
sur
57%
poète
56%
empêchent
55%
Ce
54%
en
54%
prince
54%
Comme
53%
comme
53%
nuées
53%
son
53%
vastes
53%
Prennent
52%
bec
50%
ils
49%
navire
49%
avec
47%
grandes
47%
voyage
47%
Que
46%
semblable
46%
compagnons
45%
ces
44%
gauche
44%
indolents
43%
veule
43%
autre
42%
planches
42%
si
42%
sol
42%
azur
41%
beau
41%
ont
41%
suivent
41%
blanches
40%
peine
40%
leurs
39%
rois
39%
Lui
38%
brûle-gueule
37%
glissant
37%
gouffres
37%
laid
37%
amers
36%
déposés
36%
huées
36%
milieu
36%
archer
35%
côté
35%
eux
35%
rit
35%
volait
35%
honteux
34%
traîner
34%
avirons
33%
infirme
33%
Laissent
33%
maladroits
33%
tempête
33%
voyageur
33%
comique
32%
naguère
32%
boitant
31%
mime
31%
agace
30%
Exilé
30%
hante
29%
piteusement
29%
Aucun quiz correspondant
Distribution des résultats
% des personnes avec chaque résultat
Percentile par nombre de réponses
Votre historique - résultats
Vous n’avez pas pris ce quiz